| Tag |
First Indicator |
Second Indicator |
Subfields |
| LEADER |
00000cam a2200000 a 4500 |
| 001 |
in00001426310 |
| 005 |
20151020080014.0 |
| 008 |
980618s1997 ne a b 100 0 eng d |
| 020 |
|
|
|a 9283112636
|
| 035 |
|
|
|a (OCoLC)39312310
|
| 035 |
|
|
|9 AHQ9945AM
|
| 040 |
|
|
|a HDC
|c HDC
|d UtOrBLW
|
| 049 |
|
|
|a TXAM
|
| 090 |
|
|
|a HF5415.32
|b .E86 1997
|
| 111 |
2 |
|
|a ESOMAR Seminar on Youth Research
|d (1997 :
|c Copenhagen, Denmark)
|
| 245 |
1 |
0 |
|a ESOMAR Seminar on Youth Research :
|b how to be number one in the youth market : Copenhagen, Denmark, October 1997.
|
| 246 |
3 |
0 |
|a How to be number one in the youth market
|
| 264 |
|
1 |
|a Amsterdam, The Netherlands :
|b ESOMAR,
|c [1997]
|
| 264 |
|
4 |
|c ©1997
|
| 300 |
|
|
|a viii, 252 pages :
|b illustrations ;
|c 23 cm.
|
| 336 |
|
|
|a text
|b txt
|2 rdacontent
|
| 337 |
|
|
|a unmediated
|b n
|2 rdamedia
|
| 338 |
|
|
|a volume
|b nc
|2 rdacarrier
|
| 490 |
1 |
|
|a ESOMAR publication series ;
|v v. 216
|
| 504 |
|
|
|a Includes bibliographical references.
|
| 650 |
|
0 |
|a Young consumers
|x Research
|x Congresses.
|
| 650 |
|
0 |
|a Marketing research
|v Congresses.
|
| 710 |
2 |
|
|a ESOMAR.
|
| 830 |
|
0 |
|a ESOMAR publication series ;
|v v. 216.
|
| 948 |
|
|
|a c:pk
|
| 999 |
|
|
|a MARS
|
| 999 |
f |
f |
|s 56722bfc-a197-3364-9df6-bc84bfd40fb2
|i 3d60c7a9-9d29-3dce-8a77-0e2bbafd88b9
|t 0
|
| 952 |
f |
f |
|p ric
|a Texas A&M University
|b Rellis Campus
|c Joint Library Facility
|d Remote Storage
|t 0
|e HF5415.32 .E86 1997
|h Library of Congress classification
|i unmediated -- volume
|m A14823590801
|
| 998 |
f |
f |
|a HF5415.32 .E86 1997
|t 0
|l Remote Storage
|